000 01012nas a2200313 4500
001 BR2011006629
003 BR-BrBNA
005 20231205115710.0
007 ta
008 230509b bl.|||p| |||| 00| 00por d
040 _aBR-BrBNA
_bpor
_cBiblioteca Nacional de Agricultura
041 _a(Pt)
072 _aF30
100 1 _aDucroquet, J.P.H.J.
100 1 _aSantos, K.L. dos
100 1 _aAndrade, E.R. de
100 1 _aBoneti, J.I. da S.
100 1 _aBonin, V.
100 1 _aNodari, R.O.
245 1 _aAs primeiras cultivares brasileiras de goiabeira serrana: SCS 411 Alcântra e SCS 412 Helena
246 1 _aThe first brazilian feijoa cultivars: SCS 411 Alcântra and SCS 412 Helena
650 _aGOIABA SERRANA
650 _aVARIEDADE
650 _aFEIJOA SELLOWIANA
650 _aMELHORAMENTO VEGETAL
773 0 _tAgropecuária Catarinense (Brazil)
_xISSN 0103-0779
_g(Jul 2007), v. 20(2) p. 77-80
_wBR2011006629
909 _a202311
_bLúcia
_c55
_dLúcia Elande
942 _2AGRIS
_n0
_cANA
999 _c215278
_d215278